Algunos peces de Chile, por el Dr. R. A. Philippi, con 6 láminas

Gorde:
Xehetasun bibliografikoak
Egile nagusia: Philippi, Rodulfo Amando (Egilea)
Erakunde egilea: Museo Nacional de Chile. Primera Sección: Zoología (Egilea)
Formatua: Liburua
Hizkuntza:gaztelania
Argitaratua: Santiago Museo Nacional de Chile 1892
Edizioa:1a. ed
Saila:Anales del Museo Nacional de Chile
Gaiak:
Etiketak: Etiketa erantsi
Etiketarik gabe, Izan zaitez lehena erregistro honi etiketa jartzen!

MARC

LEADER 00000nam a2200000 a 4500
001 UCJ8628
003 CL-VaPUC
008 070124e18920000CL |||||||||||||||||spa|d
082 0 4 |a 591  |b PHI  |2 21 
100 0 |a Philippi, Rodulfo Amando  |e author  |9 505016 
110 2 |a Museo Nacional de Chile. Primera Sección: Zoología  |e author  |9 517497 
245 1 0 |a Algunos peces de Chile, por el Dr. R. A. Philippi, con 6 láminas 
250 |a 1a. ed 
300 |a 22 p 
942 |c BK 
945 |d 20070124 00:00:00  |a rinostro 
260 |a Santiago  |b Museo Nacional de Chile  |c 1892 
500 |a 6 láminas fuera de texto. Formato .34x.28 m 
650 0 |a Fauna chilena  |9 505069 
650 0 |a Ilustraciones  |9 369481 
650 7 |a PECES CHILENOS  |2 CL-VaPUC  |9 517498 
583 |a last modification  |c 20070124 00:00:00  |k Rodrigo Vera 
490 0 |a Anales del Museo Nacional de Chile 
999 |c 324298  |d 324296 
952 |0 0  |1 0  |4 0  |6 591_000000000000000_PHI_1892  |7 0  |8 X  |9 404383  |a FDOBUD  |b FDOBUD  |d 2019-11-22  |i 1081462  |o 591 PHI 1892  |p 1081462  |r 2019-11-22  |w 2019-11-22  |y BK_X  |k BUD